| Tag |
First Indicator |
Second Indicator |
Subfields |
| LEADER |
00000cam a2200000 4500 |
| 001 |
in00003808621 |
| 005 |
20190415184935.0 |
| 006 |
m o d |
| 007 |
cr |n||||||||n |
| 008 |
870629s1751 ie |||| o 00||||eng c |
| 035 |
|
|
|a (CU-RivES)T171319
|
| 035 |
|
|
|a (Uk-ES)006266140
|
| 035 |
|
|
|a (OCoLC)509174436
|
| 040 |
|
|
|a Uk-ES
|c Uk-ES
|d CU-RivES
|d CStRLIN
|d CU-RivES
|d Cengage Gale
|d UtOrBLW
|
| 100 |
1 |
|
|a Cibber, Colley,
|d 1671-1757.
|0 http://id.loc.gov/authorities/names/n80005833
|
| 245 |
1 |
2 |
|a A rhapsody upon the marvellous: arising from the first odes of horace and pindar :
|b Being a scrutiny into ancient poetical fame, demanded by modern common sense. By Colley Cibber, Esq; P.L.
|
| 264 |
|
3 |
|a Dublin :
|b Printed by J. Esdall on Cork-Hill, R. James, and M. Williamson, in Dame-Street, opposite Sycamore-Alley,
|c 1750-51.
|
| 300 |
|
|
|a 1 online resource (22 pages)
|
| 336 |
|
|
|a text
|b txt
|2 rdacontent
|
| 337 |
|
|
|a computer
|b c
|2 rdamedia
|
| 338 |
|
|
|a online resource
|b cr
|2 rdacarrier
|
| 500 |
|
|
|a With a half-title.
|
| 509 |
|
|
|a Date in imprint is actually printed "1750-51". P. 11 misnumbered 1. D report blank leaf at end
|
| 510 |
4 |
|
|a English Short Title Catalog,
|c T171319.
|
| 500 |
|
|
|a Reproduction of original from Bodleian Library (Oxford).
|
| 500 |
|
|
|a Electronic resource.
|
| 650 |
|
0 |
|a English poetry.
|0 http://id.loc.gov/authorities/subjects/sh85043932
|
| 655 |
|
7 |
|a Electronic books.
|2 local
|
| 710 |
2 |
|
|a Gale (Firm)
|0 http://id.loc.gov/authorities/names/no2008071348
|
| 752 |
|
|
|a Ireland
|d Dublin.
|
| 856 |
4 |
0 |
|u http://proxy.library.tamu.edu/login?url=http://find.galegroup.com/ecco/infomark.do?contentSet=ECCOArticles&docType=ECCOArticles&bookId=1480500300&type=getFullCitation&tabID=T001&prodId=ECCO&docLevel=TEXT_GRAPHICS&version=1.0&source=library&userGroupName=txshracd2898
|z Connect to the full text of this electronic book
|t 0
|
| 999 |
f |
f |
|s 376640b8-0438-3da0-ba43-27f1a98fa81e
|i 61ac56c3-3aa7-34d6-b09a-84ea6331f073
|t 0
|
| 952 |
f |
f |
|a Texas A&M University
|b College Station
|c Electronic Resources
|d Available Online
|t 0
|h No information provided
|
| 998 |
f |
f |
|t 0
|l Available Online
|